MARC details
| 000 -LEADER |
| fixed length control field |
01898cam a22003978a 4500 |
| 001 - CONTROL NUMBER |
| control field |
14763562 |
| 005 - DATE AND TIME OF LATEST TRANSACTION |
| control field |
20070409170037.0 |
| 008 - FIXED-LENGTH DATA ELEMENTS--GENERAL INFORMATION |
| fixed length control field |
070309s2007 enk b 000 0 eng |
| 010 ## - LIBRARY OF CONGRESS CONTROL NUMBER |
| LC control number |
2007009977 |
| 020 ## - INTERNATIONAL STANDARD BOOK NUMBER |
| International Standard Book Number |
9781842777459 (pb : alk. paper) |
| 020 ## - INTERNATIONAL STANDARD BOOK NUMBER |
| International Standard Book Number |
1842777459 (pb : alk. paper) |
| 020 ## - INTERNATIONAL STANDARD BOOK NUMBER |
| International Standard Book Number |
9781842777442 (hb : alk. paper) |
| 020 ## - INTERNATIONAL STANDARD BOOK NUMBER |
| International Standard Book Number |
1842777440 (hb : alk. paper) |
| 040 ## - CATALOGING SOURCE |
| Original cataloging agency |
DLC |
| Transcribing agency |
DLC |
| Modifying agency |
DLC |
| 043 ## - GEOGRAPHIC AREA CODE |
| Geographic area code |
a-iq--- |
| 050 00 - LIBRARY OF CONGRESS CALL NUMBER |
| Classification number |
HQ1735 |
| Item number |
.A65 2007 |
| 082 00 - DEWEY DECIMAL CLASSIFICATION NUMBER |
| Classification number |
305.48892 |
| Edition number |
22 |
| Item number |
ALI |
| 100 1# - MAIN ENTRY--PERSONAL NAME |
| Personal name |
Al-Ali, Nadje Sadig. |
| 9 (RLIN) |
5136 |
| 245 10 - TITLE STATEMENT |
| Title |
Iraqi women : |
| Remainder of title |
untold stories from 1948 to the present / |
| Statement of responsibility, etc |
Nadje Sadig Al-Ali. |
| 260 ## - PUBLICATION, DISTRIBUTION, ETC. (IMPRINT) |
| Place of publication, distribution, etc |
London ; |
| -- |
New York : |
| Name of publisher, distributor, etc |
Zed Books, |
| Date of publication, distribution, etc |
2007. |
| 263 ## - PROJECTED PUBLICATION DATE |
| Projected publication date |
0704 |
| 300 ## - PHYSICAL DESCRIPTION |
| Extent |
292 p; |
| Dimensions |
24 cm. |
| 500 ## - GENERAL NOTE |
| General note |
Includes Index. |
| 504 ## - BIBLIOGRAPHY, ETC. NOTE |
| Bibliography, etc |
Includes bibliographical references. |
| 505 0# - FORMATTED CONTENTS NOTE |
| Formatted contents note |
Introduction -- Living in the diaspora -- Living with the revolution -- Living with the Ba'th -- Living with wars on many fronts -- Living with sanctions -- Living with the occupation -- Conclusion. |
| 650 #0 - SUBJECT ADDED ENTRY--TOPICAL TERM |
| Topical term or geographic name as entry element |
Women |
| Geographic subdivision |
Iraq |
| General subdivision |
History. |
| 9 (RLIN) |
5137 |
| 650 #0 - SUBJECT ADDED ENTRY--TOPICAL TERM |
| Topical term or geographic name as entry element |
Women |
| Geographic subdivision |
Iraq |
| General subdivision |
Social conditions |
| Chronological subdivision |
20th century. |
| 9 (RLIN) |
5138 |
| 650 #0 - SUBJECT ADDED ENTRY--TOPICAL TERM |
| Topical term or geographic name as entry element |
Women and war |
| Chronological subdivision |
20th century. |
| 9 (RLIN) |
5139 |
| 651 #0 - SUBJECT ADDED ENTRY--GEOGRAPHIC NAME |
| Geographic name |
Iraq |
| General subdivision |
Social conditions |
| Chronological subdivision |
20th century. |
| 9 (RLIN) |
5140 |
| 856 42 - ELECTRONIC LOCATION AND ACCESS |
| Materials specified |
Contributor biographical information |
| Uniform Resource Identifier |
<a href="http://www.loc.gov/catdir/enhancements/fy0711/2007009977-b.html">http://www.loc.gov/catdir/enhancements/fy0711/2007009977-b.html</a> |
| 856 42 - ELECTRONIC LOCATION AND ACCESS |
| Materials specified |
Publisher description |
| Uniform Resource Identifier |
<a href="http://www.loc.gov/catdir/enhancements/fy0711/2007009977-d.html">http://www.loc.gov/catdir/enhancements/fy0711/2007009977-d.html</a> |
| 856 41 - ELECTRONIC LOCATION AND ACCESS |
| Materials specified |
Table of contents only |
| Uniform Resource Identifier |
<a href="http://www.loc.gov/catdir/enhancements/fy0711/2007009977-t.html">http://www.loc.gov/catdir/enhancements/fy0711/2007009977-t.html</a> |
| 942 ## - ADDED ENTRY ELEMENTS (KOHA) |
| Source of classification or shelving scheme |
Dewey Decimal Classification |
| Item type |
Book - Borrowing |